LEADER 01023nam0-22003251i-450- 001 990004318170403321 005 20090219125915.0 010 $a88-420-3741-9 035 $a000431817 035 $aFED01000431817 035 $a(Aleph)000431817FED01 035 $a000431817 100 $a19990604d1991----km-y0itay50------ba 101 1 $aita 105 $ay-------001yy 200 1 $aStoria della lettura nella Grecia antica$fJesper Svenbro$g[Trad. di Valeria Laurenzi] 210 $aRoma , Bari$cLaterza$d1991 215 $a235 p.$d21 cm 225 1 $aBiblioteca di cultura moderna$v1001 454 0$aPhrasikleia, anthopologie de la lecture en Grèce ancienne 610 0 $aLettura$aMondo classico 676 $a028 700 1$aSvenbro,$bJesper$0143763 801 0$aIT$bUNINA$gRICA$2UNIMARC 901 $aBK 912 $a990004318170403321 952 $aP2B-330-SVENBRO J.-1991$bBibl.9760$fFLFBC 959 $aFLFBC 996 $aPhrasikleia, anthropologie de la lecture en Grèce ancienne$936069 997 $aUNINA LEADER 00892nam0-22002771i-450 001 990005317750403321 005 20220713141311.0 035 $a000531775 035 $aFED01000531775 035 $a(Aleph)000531775FED01 035 $a000531775 100 $a19990530d1953----km-y0itay50------ba 101 0 $aita 105 $aa-------00--- 200 1 $aAmalfi-Ravello e Scala nella natura, nella storia e nell'arte$fGiuseppe Imperato$gprefazione di Alessandro Pansa 210 $aAmalfi$cArti grafiche Andrea De Luca$d[1953] 215 $a196 p.$cill.$d21 cm 700 1$aImperato,$bGiuseppe$0153662 702 1$aPansa,$bAlessandro 801 0$aIT$bUNINA$gRICA$2UNIMARC 901 $aBK 912 $a990005317750403321 952 $aPAL.DIPL. 126$bPAL.DIPL. 279$fFLFBC 959 $aFLFBC 996 $aAmalfi-Ravello e Scala nella natura, nella storia e nell'arte$9598303 997 $aUNINA